| 000 | 00511nam a22001817a 4500 | ||
|---|---|---|---|
| 008 | 230602b |||||||| |||| 00| 0 eng d | ||
| 020 | _a8175101164 | ||
| 040 |
_aNational Science Library _cNational Science Library |
||
| 080 |
_aR 651.41(540)(058) _bP1 |
||
| 245 | _aDirectory of Indian book industry | ||
| 250 | _a2nd ed. | ||
| 260 |
_aNew Delhi: _bReliance Publishing House, _c2001 |
||
| 300 | _a650p. | ||
| 650 | _aTechnology | ||
| 653 | _aIndustry | ||
| 700 | _aBhatia, S K (Ed.) | ||
| 942 |
_2udc _cREF |
||
| 999 |
_c38671 _d38671 |
||